000 00256nam a2200109Ia 4500
008 200302s9999 xx 000 0 und d
100 _aRonald A Altoon
245 _aRetail Rescue
260 _bImages Publishing, Austraila
260 _c2010
300 _a192 P
999 _c4836
_d4836